The Biographical dictionary of scientists. (Record no. 7243)

MARC details
000 -LEADER
fixed length control field 00775cam a2200253 a 4500
001 - CONTROL NUMBER
control field 4732405
003 - CONTROL NUMBER IDENTIFIER
control field 20170405133714.0
005 - DATE AND TIME OF LATEST TRANSACTION
control field 20241016164150.0
008 - FIXED-LENGTH DATA ELEMENTS--GENERAL INFORMATION
fixed length control field 840502t19841983nyua e 001 0ceng
010 ## - LIBRARY OF CONGRESS CONTROL NUMBER
LC control number 84010972
020 ## - INTERNATIONAL STANDARD BOOK NUMBER
International Standard Book Number 0911745823
040 ## - CATALOGING SOURCE
Original cataloging agency DLC
Transcribing agency DLC
Modifying agency DLC
050 00 - LIBRARY OF CONGRESS CALL NUMBER
Classification number QH26
Item number .B54 1984
082 00 - DEWEY DECIMAL CLASSIFICATION NUMBER
Classification number 574/.092/2
-- B
Edition information 19
245 04 - TITLE STATEMENT
Title The Biographical dictionary of scientists.
Name of part/section of a work Biologists /
260 ## - PUBLICATION, DISTRIBUTION, ETC.
Place of publication, distribution, etc. New York :
Name of publisher, distributor, etc. P. Bedrick Books,
Date of publication, distribution, etc. 1984, c1983.
300 ## - PHYSICAL DESCRIPTION
Extent 182 p. :
Other physical details ill. ;
Dimensions 26 cm.
500 ## - GENERAL NOTE
General note Includes index.
650 #0 - SUBJECT ADDED ENTRY--TOPICAL TERM
Topical term or geographic name entry element Biologists
General subdivision Biography
-- Encyclopedias.
700 1# - ADDED ENTRY--PERSONAL NAME
Personal name Abbott, David,
Dates associated with a name 1937-
740 0# - ADDED ENTRY--UNCONTROLLED RELATED/ANALYTICAL TITLE
Uncontrolled related/analytical title Biologists.
906 ## - LOCAL DATA ELEMENT F, LDF (RLIN)
a 7
b cbc
c orignew
d 1
e ocip
f 19
g y-gencatlg
942 ## - ADDED ENTRY ELEMENTS (KOHA)
Source of classification or shelving scheme Library of Congress Classification
Koha item type Reference
Holdings
Withdrawn status Lost status Source of classification or shelving scheme Damaged status Not for loan Collection Home library Current library Shelving location Date acquired Total checkouts Full call number Barcode Date last seen Price effective from Koha item type
    Library of Congress Classification   Not for loan Reference Murang'a University of Technology Library Murang'a University of Technology Library Reference 05/04/2017   QH 26 .B54 1984 007263 05/04/2017 05/04/2017 Reference